000 00426nam a2200145 i 4500
001 96960
003 ES-MaACL
005 20230906182018.0
007 t|
008 050705s1977 sp ||||1| spa d
245 0 0 _aManual de prevención de accidentes para operaciones industriales /
_c[traducción de Diorki].
260 _aMadrid :
_bMapfre,
_c1977.
300 _aIX, 1649 p. ;
_c25 cm.
852 _aES-MaACL
_jA-7553
_bR.96662
999 _c96960
_d96960